| 000 | 00000cam 2200000zi 4500 |
| 001 | 9.963078 |
| 003 | CaOODSP |
| 005 | 20260526101633 |
| 006 | m o d f |
| 007 | cr mn||||||||| |
| 008 | 260526s1952 bccb ob f000 0 eng d |
| 040 | |aCaOODSP|beng|erda|cCaOODSP |
| 043 | |an------|an-cn-bc |
| 086 | 1 |aFs52-3/457E-PDF |
| 245 | 00|aPacific Coast data record offshore survey, 1936. |
| 264 | 1|aNanaimo, B.C. : |bFisheries Research Board of Canada : |bPacific Oceanographic Group, |c1952. |
| 300 | |a1 online resource (39 pages) : |bmaps. |
| 336 | |atext|btxt|2rdacontent |
| 337 | |acomputer|bc|2rdamedia |
| 338 | |aonline resource|bcr|2rdacarrier |
| 490 | 1 |aManuscript reports of the biological stations ; |vno. 457 |
| 500 | |aDigitized edition from print [produced by Department of Fisheries and Oceans]. |
| 504 | |aIncludes bibliographical references (page 6). |
| 520 | |a"Since there were no previous oceanographic surveys of the region, it was desired to learn the temperature, salinity, and if possible dissolved oxygen concentration, and their changes with distance and depth, and to calculate the dynamic heights, and prepare a Gradient Current chart"--Page [1]. |
| 650 | 0|aOcean temperature|zBritish Columbia|zPacific Coast|vObservations. |
| 650 | 0|aOcean salinity|zBritish Columbia|zPacific Coast|vObservations. |
| 650 | 0|aOceanography|zBritish Columbia|zPacific Coast|vObservations. |
| 650 | 6|aMer|xTempérature|zColombie-Britannique|zPacifique, Côte du|vObservations. |
| 650 | 6|aMer|xSalinité|zColombie-Britannique|zPacifique, Côte du|vObservations. |
| 650 | 6|aOcéanographie|zColombie-Britannique|zPacifique, Côte du|vObservations. |
| 710 | 2 |aPacific Oceanographic Group (Canada), |eissuing body. |
| 710 | 2 |aFisheries Research Board of Canada. |bBiological Station (Nanaimo, B.C.), |eissuing body. |
| 830 | #0|aManuscript reports of the biological stations ;|vno. 457.|w(CaOODSP)9.899091 |
| 856 | 40|qPDF|s7.32 MB|uhttps://publications.gc.ca/collections/collection_2026/mpo-dfo/fs52-3/Fs52-3-457-eng.pdf |